000 00330nam a22001457a 4500
008 230502b ||||| |||| 00| 0 eng d
020 _a9781285738499
041 _aeng
080 _2TENTH EDITION
_a572
082 _a572FER
100 _a44
101 _aANTRO
245 _aCULTURAL ANTHROPOLOGY
_cFERRARD.G
942 _2udc
_cBK
999 _c59641
_d59641